Normale Ansicht MARC-Ansicht ISBD

Frankfurt (Oder) - Auf der Suche nach der verlorenen Stadt - Band 2 (Die Bahnhofstraße) / (Titelsatznr. 373558)

[ MARC ]
MARC-Details
000 -Satzkennung
Kontrollfeld mit fester Länge 01385cam a22004212 4500
001 - Kontrollnummer
Kontrollfeld 1851607935
003 - Kontrollnummer Identifier
Kontrollfeld DE-627
005 - Datum und Zeit der letzten Transaktion
Kontrollfeld 20250116135138.0
007 - Feld mit fester Länge zur physischen Beschreibung - Allgemeine Information
Kontrollfeld mit fester Länge tu
008 - Feld mit fester Länge zur physischen Beschreibung - Allgemeine Angaben
Kontrollfeld mit fester Länge 230704s2023 gw ||||| 00| ||ger c
015 ## - Nummer der Nationalbibliografie
Nummer der Nationalbibliografie 23,N26
Quelle dnb
016 7# - Kontrollnummer der nationalbibliografischen Agentur
Datensatzkontrollnummer 1293295825
Quelle DE-101
020 ## - Internationale Standardbuchnummer
Internationale Standardbuchnummer 9783981397789
Bezugsbedingungen : : EUR 19.95 (DE), EUR 20.60 (AT)
024 3# - Anderer Standardidentifier
Standardnummer oder Code 9783981397789
035 ## - Systemkontrollnummer
System-Kontrollnummer (DE-627)1851607935
035 ## - Systemkontrollnummer
System-Kontrollnummer (DE-599)DNB1293295825
035 ## - Systemkontrollnummer
System-Kontrollnummer (OCoLC)1418848703
040 ## - Katalogisierungsquelle
Original-Katalogisierungsstelle DE-627
Katalogisierungssprache ger
Übertragungsstelle DE-2950
Beschreibungsfestlegungen rakwb
Bearbeitungsstelle DE-2950
041 ## - Sprachcode
Sprachcode des Textes/der Tonspur oder des separaten Titels ger
044 ## - Ländercode der veröffentlichenden/herstellenden Stelle
ISO-Ländercode XA-DE-BB
082 04 - Notation nach der Dewey Decimal Classification
Notation 900
Zuweisende Stelle DE-101
100 1# - Haupteintragung - Personenname
Personenname Neubauer, Christoph
Funktionsbezeichnung VerfasserIn
Code für Beziehungskennzeichnung aut
245 10 - Titel
Titel Frankfurt (Oder) - Auf der Suche nach der verlorenen Stadt - Band 2 (Die Bahnhofstraße) /
Verfasserangabe etc. Christoph Neubauer
250 ## - Ausgabebezeichnung
Ausgabebezeichnung 1. Auflage
263 ## - Geplantes Erscheinungsdatum
Geplantes Erscheinungsdatum 202306
264 #1 - Produktion, Veröffentlichung, Distribution, Herstellung und Urheberrechtsvermerk
Herstellungs-, Veröffentlichungs- Vertriebs-, Erzeugungsort Frankfurt:
Produzent, Herausgeber, Distributor, Hersteller Christoph Neubauer Verlag,
Datum der Herstellung, der Veröffentlichung, des Vertriebs oder des Urheberschutzvermerks 2023
300 ## - Physische Beschreibung
Umfang 84 Seiten:
Andere physische Details 102 Illustrationen
336 ## - Inhaltstyp
Inhaltstypterm Text
Inhaltstypcode txt
Quelle rdacontent
337 ## - Medientyp
Bezeichnung des Medientyps ohne Hilfsmittel zu benutzen
Medientypcode n
Quelle rdamedia
338 ## - Datenträgertyp
Datenträgertypbezeichnung Band
Datenträgertypcode nc
Quelle rdacarrier
490 0# - Gesamttitelangabe
Gesamttitelangabe Frankfurt (Oder) - Auf der Suche nach der verlorenen Stadt;
Bandnummer/Folgebezeichnung 2
653 ## - Indexierungsterm - Nicht normiert
Nicht-normierter Term Frankfurt (Oder)
653 ## - Indexierungsterm - Nicht normiert
Nicht-normierter Term Architektur
653 ## - Indexierungsterm - Nicht normiert
Nicht-normierter Term Bahnhofstraße
951 ## - EQUIVALENCE OR CROSS-REFERENCE--GEOGRAPHIC NAME/AREA NAME [OBSOLETE] [CAN/MARC only]
Geografischer Name BO
710 2# - Nebeneintragung - Körperschaftsname
Körperschafts- oder Gebietskörperschaftsname als Eintragungselement Christoph Neubauer
Sonstige Informationen Firma
Funktionsbezeichnung Verlag
IDN des Normdatensatzes oder Standardnummer (DE-588)1064734219
-- (DE-627)815508409
-- (DE-576)424109921
Code für Beziehungskennzeichnung pbl
942 ## - Zusätzliche Felder (Koha)
Klassifikation oder Aufstellungssystematik Andere/Generische Klassifikation
Koha-Medientyp Bücher
Exemplare
Ausgeschieden Verloren Klassifikation oder Aufstellungssystematik Beschädigt Nicht entleihbar Heimatbibliothek Aufenthaltsbibliothek Aufstellungsort Erwerbungsdatum Lieferant Anzahl Ausleihen Signatur Letzte Aktivität Exemplarnummer Preis gültig von Koha-Medientyp
    Andere/Generische Klassifikation     Stadtarchiv Frankfurt (Oder) | Archivbibliothek Stadtarchiv Frankfurt (Oder) | Archivbibliothek Magazin 16/01/2025 Hutten   II: 5002.2 16/01/2025 7/2025 16/01/2025 Bücher